Циркуляры, доклады и переписка с управлением железных дорог и акционерными обществами о перевозке грузов по железным дорогам

Доступно только в Электронных читальных залах Найти на картеНа карте
RUSMARC
00003721nmc2a22002413x 450
00104234afa-dc1c-4195-8e5a-82c42ce5a39b
00520210306191316.0
100##$a20200910l19081918k l0rusy0189 ca
1010#$arus
102##$aRU
105##$aa###
1222#$ad
2001#$aЦиркуляры, доклады и переписка с управлением железных дорог и акционерными обществами о перевозке грузов по железным дорогам
$j1 февраля 1908 г. - 12 декабря 1918 г.
215##$a301 л.
$cрис.
$d36,5х26 см
251##$cДело
300##$aОтдел транспортный, подотдел железнодорожный
371##$aДокумент не является опубликованным и широко распространяемым
461#0$1001462bc950-73da-43c4-909a-7b2c52d22778
$12001
$aСовет съездов представителей промышленности и торговли
$1251
$cФонд
$1852
$j32
462#0$10016d63d908-4edb-4782-94eb-bfaf477d4f70
$12001
$aОпись № 1
$1251
$cОпись
$1852
$j1
801#0$aRU
$bРГИА
$c20200910
$gRCR
801#1$aRU
$bГлавНИВЦ
$c20200910
$2rusmarc
801#2$aRU
$bПБ им. Б.Н. Ельцина
$c20210306
$gRCR
$2rusmarc
850##$aРГИА
852##$aРГИА
$eФедеральное казенное учреждение "Российский государственный исторический архив" (РГИА)
$j733
937##$hРГИА
$d12350095
$aASBIBLIO_SCAN
035##$aRusGRCC00012106
856##$uhttp://readingroom.main.prlib.ru/item.aspx?id_node=n158239684&mode=full
Формат отображения